| 000 | 00486nam a2200181Ia 4500 | ||
|---|---|---|---|
| 005 | 20250508151055.0 | ||
| 008 | 008 250505s9999 xx 000 0 eng d | ||
| 037 | _aTextual | ||
| 040 |
_aFEDL _beng _cFEDL |
||
| 041 |
_aeng _2eng |
||
| 084 |
_a738, PAR _qFEDL |
||
| 100 |
_aParry W P _9758340 |
||
| 245 | 0 | _aPottery for schools | |
| 260 |
_aLondon, UK _bSir Isaac Pitman and Sons Ltd. _c1952 |
||
| 300 | _a87p. | ||
| 942 |
_cTEXL _h738, PAR |
||
| 999 |
_c1327429 _d1327429 |
||